Länder mit der höchsten LGBT-Toleranz - Statistiken

Allgemein
  • Dieses Quiz wurde 432 mal gespielt
  • Das Durchschnittsergebnis liegt bei 20 aus 25
Antwortstatistiken
Platz Land LBGT-Toleranz % Korrekt
19. Deutschland 73%
99%
18. Vereinigte Staaten 75%
98%
10. Schweden 80%
97%
2. Norwegen 90%
95%
2. Niederlande 90%
94%
22. Österreich 70%
94%
8. Spanien 83%
94%
4. Dänemark 88%
93%
11. Finnland 79%
93%
4. Kanada 88%
93%
11. Schweiz 79%
93%
19. Frankreich 73%
91%
14. Belgien 78%
90%
14. Vereinigtes Königreich 78%
88%
1. Island 92%
87%
25. Portugal 65%
87%
14. Luxemburg 78%
84%
14. Australien 78%
83%
9. Irland 82%
81%
11. Neuseeland 79%
78%
23. Brasilien 67%
67%
24. Argentinien 66%
60%
6. Malta 84%
54%
19. Uruguay 73%
38%
6. Nepal 84%
14%
Keine übereinstimmenden Quizze gefunden
Verteilung der Resultate
Anzahl Personen mit jedem Resultat
Perzentil nach korrekt beantworteten Fragen
Ihre Resultats-Entwicklung
Sie haben dieses Quiz noch nicht gespielt